000 00439nam a22001697a 4500
003 CEME
005 20210628205320.0
008 210309b xxu||||| |||| 00| 0 eng d
020 _a1364-0321-97
040 _c.
082 _a621.381542 KAZ'P
100 _aKazmerski, L. L
_974915
245 _aPhotovoltics a review of cell and module technologies
260 _aGREAT BRITAIN
_bPERGAMON
_c1997
300 _a70-171P
942 _cBK
_2ddc
999 _c580414
_d580414